| 000 | 00848nam a2200253 a 4500 | ||
|---|---|---|---|
| 001 | 18527 | ||
| 003 | BD-RjUL | ||
| 005 | 20211209000310.0 | ||
| 008 | 160926s1961 enk b 000 0 eng | ||
| 035 | _a(BD-RjUL)18585 | ||
| 040 |
_aDLC _cODaWU _dOCoLC _dDLC _dBD-RjUL _beng |
||
| 041 | _aeng | ||
| 082 |
_a339.35496 _bTHC 1961 _223 |
||
| 100 | 1 |
_aThweatt, William O. _957104 |
|
| 245 | 1 | 4 |
_aThe concept of elasticity and the growth equation : / _bwith emphasis on the role of capital in Nepal's Economic development / _cThweatt, William O. |
| 260 |
_aLondon : _bAsia Pub. House, _cc1961 |
||
| 300 |
_axi, 91 p. ; _c18 cm. |
||
| 504 | _aIncludes bibliography. | ||
| 650 | 0 |
_aEconomic development. _957105 |
|
| 650 | 0 |
_aIncome _zNepal. _957106 |
|
| 650 | 0 |
_aCapital _zNepal. _957107 |
|
| 650 | 0 |
_aFinance _zDeveloping countries. _957108 |
|
| 942 |
_2ddc _cBK |
||
| 999 |
_c18527 _d18527 |
||